'P' Names by 3 Surnames Quiz Stats

 Plays Quiz Updated Nov 30, 2019

Score 0/20 Timer 05:00
24 Plays Today
% Correct
Pablo
96.8%
Paul
96.8%
Patrick
95.7%
Pierce
94.1%
Paula
93.3%
Philip
90.9%
Peter
89.2%
Patricia
88.7%
Patti
88.2%
Pat
87.3%
% Correct
Priscilla
86.6%
Peyton
82.6%
Pam
81.9%
Perry
80.3%
Penny
79.2%
Percy
78.7%
Peggy
77.5%
Piper
73.3%
Phoebe
72.4%
Paige
61.9%

You're not logged in!

Compare scores with friends on all Sporcle quizzes.
OR
Log In

Sporcle TV

Today on Sporcle TV


Watch our educational content, quiz creation guides, and fun videos on Sporcle TV.

Show Comments

Extras

Top Quizzes Today


Score Distribution

Your Account Isn't Verified!

In order to create a playlist on Sporcle, you need to verify the email address you used during registration. Go to your Sporcle Settings to finish the process.

Report this User

Report this user for behavior that violates our Community Guidelines.

Details: